| 000 | 00645nam a22001937a 4500 | ||
|---|---|---|---|
| 999 |
_c130510 _d130510 |
||
| 008 | 201020b ||||| |||| 00| 0 eng d | ||
| 020 | _a9789719952749 | ||
| 050 | _aBR127.O51 v.3 | ||
| 245 |
_aTheology and diakonia _bfaith in action _cKlaus Kramer and Klaus Vellguth ed. |
||
| 260 |
_aPhilippines _bClaretian Publications _c2014 |
||
| 300 |
_axiv, 260p. ; _c22cm. |
||
| 440 |
_aOne world theology _n3 _949895 |
||
| 650 |
_aChristianity and other religions _949896 |
||
| 650 |
_aMission _xTheology _949897 |
||
| 650 |
_aDiakonia _949898 |
||
| 700 |
_aKramer, Klaus ed. _949893 |
||
| 700 |
_aVellguth, Klaus ed. _949894 |
||
| 942 |
_2lcc _cMONOGRAPH |
||